| 000 | 00765nam a22001937a 4500 | ||
|---|---|---|---|
| 010 | _a1718CH-EN | ||
| 020 |
_a8188539252 _c450.00 |
||
| 035 | _aB-679947-972 | ||
| 037 |
_aDPL _bAkshar Mala |
||
| 082 | _a483 | ||
| 100 | _aJones, Daniel | ||
| 245 |
_aChildren picture dictionary: _bEnglish-English-Hindi with general knowledge / _cbyDaniel Jones:edited by peter Roach and others |
||
| 250 | _a18th ed | ||
| 260 |
_aNew Delhi _bAkshar Mala _c2016 |
||
| 270 |
_aA-47, Amar Colony, Lajpat Nagar, _bNew Delhi _e110024 |
||
| 300 |
_a192p. _c25m(Hb) |
||
| 942 |
_2ddc _cCH _mCHI _h483 |
||
| 999 |
_c141598 _d141598 |
||